| 000 | 00688cam a2200145 4500500 | ||
|---|---|---|---|
| 005 | 20260426010547.0 | ||
| 041 | _afre | ||
| 042 | _adc | ||
| 100 | 1 | 0 |
_aSinger, Christophe _eauthor |
| 245 | 0 | 0 | _aAndreas Dettwiller, Jean-Daniel Kaestli, Daniel Marguerat, éd., Paul, une théologie en construction, Genève, Labor et Fides, coll. « Le Monde de la Bible no 51 », 2004. 23 cm. 493 p. ISBN 2-8309-1146-6. € 31/FS 51 |
| 260 | _c2005. | ||
| 500 | _a6 | ||
| 786 | 0 | _nÉtudes théologiques et religieuses | 80 | 3 | 2005-09-01 | p. 431g-438g | 0014-2239 | |
| 856 | 4 | 1 | _uhttps://shs.cairn.info/revue-etudes-theologiques-et-religieuses-2005-3-page-431g?lang=fr&redirect-ssocas=7080 |
| 999 |
_c2222519 _d2222519 |
||